Artificial Intelligence: Structures and Strategies for Complex Problem Solving (Record no. 6253)

MARC details
000 -LEADER
fixed length control field 00360nam a2200133Ia 4500
008 - FIXED-LENGTH DATA ELEMENTS--GENERAL INFORMATION
fixed length control field 191201s2019 xx 000 0 und d
082 ## - DEWEY DECIMAL CLASSIFICATION NUMBER
Classification number 006.33
Item number LUA
100 ## - MAIN ENTRY--PERSONAL NAME
Personal name LUGER, George F
245 #0 - TITLE STATEMENT
Title Artificial Intelligence: Structures and Strategies for Complex Problem Solving
260 ## - PUBLICATION, DISTRIBUTION, ETC. (IMPRINT)
Place of publication, distribution, etc New Delhi
Name of publisher, distributor, etc Pearson
300 ## - PHYSICAL DESCRIPTION
Extent 903
650 ## - SUBJECT ADDED ENTRY--TOPICAL TERM
Topical term or geographic name as entry element MCA
942 ## - ADDED ENTRY ELEMENTS (KOHA)
Source of classification or shelving scheme Dewey Decimal Classification
Koha item type Text Books
Holdings
Withdrawn status Lost status Source of classification or shelving scheme Damaged status Not for loan Collection code Home library Current library Date acquired Source of acquisition Cost, normal purchase price Bill Number Total Checkouts Full call number Acc. no. / Barcode Date last seen Date last borrowed Actual Cost, discounted price Bill Date Koha item type
    Dewey Decimal Classification     MCA PIET C-LIBRARY PIET C-LIBRARY 19/02/2015 KIRTI PRAKASHAN, NEW DELHI 799.00 IN2200 1 006.33 LUA 25620 16/11/2021 11/11/2021 535.33 14/02/2015 Text Books
    Dewey Decimal Classification     MCA PIET C-LIBRARY PIET C-LIBRARY 19/02/2015 KIRTI PRAKASHAN, NEW DELHI 799.00 IN2200 3 006.33 LUA 25621 18/11/2022 07/11/2022 535.33 14/02/2015 Reference Books
    Dewey Decimal Classification     Computer Science and Engineering in AI & Machine Learning PIET C-LIBRARY PIET C-LIBRARY 19/02/2015 KIRTI PRAKASHAN, NEW DELHI 799.00 IN2200   006.33 LUA 25622 04/12/2019   535.33 14/02/2015 Text Books
    Dewey Decimal Classification     Computer Science and Engineering in AI & Machine Learning PIET C-LIBRARY PIET C-LIBRARY 19/02/2015 KIRTI PRAKASHAN, NEW DELHI 799.00 IN2200 4 006.33 LUA 25623 20/02/2025 07/10/2024 535.33 14/02/2015 Text Books

Design & Developed by: PIET Central Library
R70 Miles Stone Pattikalyana Samalkha Panipat 132102
mail ID :- [email protected], Phone No:- 0180-2569700 Ex.216